Handbook of sustainable development

Αποθηκεύτηκε σε:
Λεπτομέρειες βιβλιογραφικής εγγραφής
Άλλοι συγγραφείς: Atkinson, Giles 1969- (Επιμελητής έκδοσης), Dietz, Simon (Επιμελητής έκδοσης), Neumayer, Eric 1970- (Επιμελητής έκδοσης)
Μορφή: Βιβλίο
Γλώσσα:English
Δημοσίευση: Cheltenham, UK; Northampton, MA : Edward Elgar, c2007
Σειρά:Elgar original reference
Θέματα:
Ετικέτες: Προσθήκη ετικέτας
Δεν υπάρχουν, Καταχωρήστε ετικέτα πρώτοι!

MARC

LEADER 00000nam a2200000 i 4500
001 1/55582
008 070920s2007 eng d
020 |a 978-1-84376-577-6 (hbk.) 
035 |l 10090903 
040 |a GR-MY-UA  |b gre  |e aacr 
041 0 |a eng 
082 0 |a 338.927  |2 (22) 
245 1 0 |a Handbook of sustainable development /  |c edited by Giles Atkinson, Simon Dietz, Eric Neumayer 
260 |a Cheltenham, UK; Northampton, MA :   |b Edward Elgar,   |c c2007 
300 |a xv, 489 σ.;  |b διαγρ.;  |c 24 εκ. 
490 1 |a Elgar original reference 
504 |a Περιλαμβάνει βιβλιογραφικές αναφορές και ευρετήριο 
650 0 0 |a Sustainable development. 
700 1 |a Atkinson, Giles  |d 1969-  |4 edt 
700 1 |a Dietz, Simon.  |4 edt 
700 1 |a Neumayer, Eric  |d 1970-  |4 edt 
830 0 |a Elgar original reference 
852 |a INST  |b LESVOS  |e 20070920  |h 338.927 HAN  |p 005100039053  |q 005100039053  |t BK  |y 0 
901 |a BIBL1-2007-3 
909 |a Λ  |b 138288 
922 |a 1ΕΛΗ  |b 200707  |c ΕΠΕΑΕΚ2/ΤΠ  |d ΠΑΠΑΣΩΤΗΡΙΟΥ 
970 |a ΒΑΡΚΑ  |b ΕΛΕΥΘΕΡΙΑ  |z 2007/09/20